Представление документа в формате RUSMARC

ПолеНазваниеЗначение
  Тип записи a
  Библиографический уровень m
001 Контрольный номер UONB/MAIN/0be134a609334ff3af57685b42ca997b
005 Дата корректировки 20250520124809.5
010 Индекс ISBN __
b Уточнения в пер.
d Цена 1 р. 27 к.
9 Тираж 3100 экз.
100 Данные общей обработки __
a Данные общей обработки 20230215 1966 u y0rusy0189## ca
101 Язык документа 0_
a Язык текста rus
102 Страна публикации __
a Страна публикации RU
105 Кодированные данные (монография) __
a Кодированные данные (монография) a z 001yy
200 Заглавие и сведения об ответственности 1_
a Заглавие Контактные напряжения при пластической деформации
f Первые сведения об ответственности И.Я. Тарновский, А.Н. Леванов, М.И. Поксеваткин
203 Вид содержания и тип средства __
a Вид содержания Текст
b Характеристика содержания визуальный
c Тип средства непосредственный
210 Выходные данные 1_
a Место издания Москва
c Издательство Металлургия
d Дата издания 1966
215 Физическое описание __
a Объем 279 с.
c Иллюстрации/тип воспроизводства ил., с илл.
d Формат 22 см
320 Библиография __
a Библиография Библиогр.: с. 275-279
606 Тематические рубрики 0_
a Основная рубрика Металлы
x Основная подрубрика Напряжения контактные
606 Тематические рубрики 0_
a Основная рубрика Металлы
x Основная подрубрика Деформация пластическая
610 Ключевые слова 0_
a Ключевые слова металлы
610 Ключевые слова 0_
a Ключевые слова напряжения контактные
610 Ключевые слова 0_
a Ключевые слова деформация пластическая
675 Индекс УДК __
a Индекс УДК 6П4.2-01
686 Индексы других классификаций __
a Классификационный индекс 34
2 Код системы rubbk
700 Автор _1
a Фамилия Тарновский
b Имя (инициалы) И.Я.
g Полное личное имя Иосиф Яковлевич
701 Альтернативная интеллектуальная ответственность _1
a Фамилия Леванов
b Имя (инициалы) А.Н.
g Полное личное имя Алексей Николаевич
4 Код отношения 070
701 Альтернативная интеллектуальная ответственность _1
a Фамилия Поксеваткин
b Имя (инициалы) М.И.
g Полное личное имя Михаил Иванович
4 Код отношения 070
801 Источник записи _0
a Страна RU
b Организация Ульяновская ОНБ
c Дата составления 20230215
g Правила каталогизации RCR
801 Источник записи _1
a Страна RU
b Организация Ульяновская ОНБ
c Дата составления 20230215
g Правила каталогизации RCR
901 Тип документа __
t Тип документа m
909 Создатель записи __
a Создатель записи Аверьянова
b Дата создания записи 20230215